Central Library OPAC University of Rajshahi

Contribution of Education to Economic Growth in Bangladesh : (Record no. 82932)

MARC details
000 -LEADER
fixed length control field 00919nam a2200241 a 4500
001 - CONTROL NUMBER
RUCL Control Number 82932
003 - CONTROL NUMBER IDENTIFIER
rucl marc code BD-RjUL
005 - DATE AND TIME OF LATEST TRANSACTION
control field 20240204114555.0
008 - FIXED-LENGTH DATA ELEMENTS--GENERAL INFORMATION
fixed length control field 240204s2019 bg a|||| m||| 00| 0 eng d
035 ## - SYSTEM CONTROL NUMBER
system control number (BD-RjUL)82932
040 ## - CATALOGING SOURCE
Original cataloging agency BD-RjUL
Language of cataloging eng
Transcribing agency BD-RjUL
Modifying agency BD-RjUL
041 ## - LANGUAGE CODE
Language code of Book eng
082 ## - DEWEY DECIMAL CLASSIFICATION NUMBER
DDC Edition number 23
Classification number 338.9
Author mark and Year MOC 2019
100 ## - MAIN ENTRY--PERSONAL NAME
Personal name Mostafa, Md. Golam
245 10 - TITLE STATEMENT
Title Contribution of Education to Economic Growth in Bangladesh :
Remainder of title An Econometric Analysis /
Statement of responsibility, etc Md. Golam Mostafa
Name of Supervisor/Co-Supervisor Supervisor : Md. Abdul Wadud
260 ## - PUBLICATION, DISTRIBUTION, ETC. (IMPRINT)
Place of publication, distribution, etc Rajshahi :
Name of publisher, distributor, etc Department of Economics, University of Rajshahi,
Date of publication, distribution, etc 2019
300 ## - PHYSICAL DESCRIPTION
Pagination xviii, 158 leaves
Other physical details ill.;
Dimensions 29 cm.
502 ## - DISSERTATION NOTE
Dissertation note Thesis(M.Phil.)-- Department of Economics, University of Rajshahi,2019
504 ## - BIBLIOGRAPHY, ETC. NOTE
Bibliography, etc Bibliography : Leaves 134-148
650 ## - SUBJECT ADDED ENTRY--TOPICAL TERM
Topical term or geographic name as entry element Economic Growth
General subdivision Contribution of Education
Geographic subdivision Bangladesh
9 (RLIN) 11406
700 ## - ADDED ENTRY--SUPERVISOR/CO-SUPERVISOR NAME
Personal name Wadud, Md. Abdul, Supervisor
9 (RLIN) 1289
942 ## - ADDED ENTRY ELEMENTS (KOHA)
Source of classification or shelving scheme Dewey Decimal Classification
Koha item type Theses
Holdings
Source of classification or shelving scheme Damaged status Not for loan Collection code Permanent Location Current Location Shelving location Date of accession Source of acquisition Total Checkouts Full call number Barcode Date last seen Copy number Thesis
Dewey Decimal Classification   Not For Loan Theses Central Library, University of Rajshahi Central Library, University of Rajshahi Documentation Section 17/01/2023 Controller of Exam. R.U.   THE 338.9 MOC 2019 D4584 04/02/2024 C-1 Theses